[Event "42nd Guernsey Open 2016"]
[Site "Vale GCI"]
[Date "2016.10.22"]
[Round "7"]
[White "Aristegui, Michel"]
[Black "Curtis, John E"]
[Result "1-0"]
[WhiteElo "2052"]
[BlackElo "2088"]
[PlyCount "77"]
[EventDate "2016.10.16"]
[EventType "swiss"]
[EventRounds "7"]
[EventCountry "GCI"]

1. e3 e5 2. c4 d6 3. Nc3 f5 4. d3 Nf6 5. Nf3 Be7 6. Be2 O-O 7. O-O Na6 8. a3
Nc5 9. b4 Ne6 10. Qb3 g5 11. c5 g4 12. Ng5 d5 13. Nxe6 Bxe6 14. e4 Qd7 15. exf5
Bf7 16. Qd1 Qxf5 17. f3 gxf3 18. Rxf3 Qe6 19. Bh6 Kh8 20. Bxf8 Rxf8 21. Qd2 e4
22. dxe4 dxe4 23. Rf4 Bg6 24. Raf1 c6 25. Qb2 Kg8 26. Nd1 Nd5 27. Rxf8+ Bxf8
28. Bc4 Bg7 29. Qd2 Qe5 30. Ne3 Bf7 31. Rxf7 Kxf7 32. Nxd5 cxd5 33. Qxd5+ Kf6
34. Qf7+ Kg5 35. Qd5 Kf6 36. Qf7+ Kg5 37. g3 e3 38. Be2 Qf6 39. Qh5# 1-0

[Event "42nd Guernsey Open 2016"]
[Site "Vale GCI"]
[Date "2016.10.22"]
[Round "7"]
[White "Norman, Kenneth I"]
[Black "Heppell, Ian N"]
[Result "1/2-1/2"]
[WhiteElo "2147"]
[BlackElo "2066"]
[PlyCount "35"]
[EventDate "2016.10.16"]
[EventType "swiss"]
[EventRounds "7"]
[EventCountry "GCI"]

1. Nf3 d6 2. d4 f5 3. g3 Nf6 4. Bg2 g6 5. b3 Bg7 6. Bb2 O-O 7. O-O c6 8. Nbd2
Qc7 9. c4 a5 10. a3 Na6 11. Qc2 Re8 12. Bc3 e5 13. dxe5 dxe5 14. Qb2 Nh5 15. e4
f4 16. b4 b6 17. Rfc1 Rb8 18. Qc2 1/2-1/2

[Event "42nd Guernsey Open 2016"]
[Site "Vale GCI"]
[Date "2016.10.22"]
[Round "7"]
[White "Kraft, Karl Heinz"]
[Black "Marley, Andrew SG"]
[Result "1/2-1/2"]
[WhiteElo "2044"]
[BlackElo "1957"]
[PlyCount "69"]
[EventDate "2016.10.16"]
[EventType "swiss"]
[EventRounds "7"]
[EventCountry "GCI"]

1. e4 c5 2. c3 d5 3. exd5 Qxd5 4. d4 Nf6 5. Be3 cxd4 6. cxd4 e6 7. Nf3 Bb4+ 8.
Nc3 Bd7 9. Bd3 Bb5 10. O-O Bxc3 11. bxc3 Nbd7 12. Bxb5 Qxb5 13. Rb1 Qa6 14. Qb3
Nb6 15. Ne5 O-O 16. c4 Rab8 17. Rfd1 h6 18. h3 Rfd8 19. g4 Ne8 20. d5 exd5 21.
Bxb6 axb6 22. cxd5 Nd6 23. Rbc1 Ra8 24. Rc2 Qa4 25. Qxa4 Rxa4 26. Nf3 Ra5 27.
Nh4 g5 28. Ng2 Ne4 29. Ne3 Nd6 30. f3 Kg7 31. Kf2 Kf6 32. Rb1 b5 33. Rb4 Rda8
34. Rbb2 Ra3 35. Re2 1/2-1/2

[Event "42nd Guernsey Open 2016"]
[Site "Vale GCI"]
[Date "2016.10.22"]
[Round "7"]
[White "Maloberti, David"]
[Black "Milnes, Anthony CP"]
[Result "1-0"]
[WhiteElo "2123"]
[BlackElo "2019"]
[PlyCount "103"]
[EventDate "2016.10.16"]
[EventType "swiss"]
[EventRounds "7"]
[EventCountry "GCI"]

1. d4 e6 2. c4 f5 3. Nc3 Nf6 4. Nf3 Bb4 5. Qb3 Bxc3+ 6. Qxc3 O-O 7. Bg5 Qe8 8.
Bf4 d6 9. c5 Ne4 10. Qc4 b5 11. cxb6 cxb6 12. Rc1 Bb7 13. e3 Bd5 14. Qc2 Nd7
15. Ba6 e5 16. Bg3 f4 17. Bc4 Qf7 18. Qxe4 Bxe4 19. Bxf7+ Rxf7 20. Ng5 fxg3 21.
Nxe4 gxf2+ 22. Ke2 exd4 23. exd4 Re8 24. Kd3 Rfe7 25. Ng3 Re1 26. Kd2 Rxc1 27.
Rxc1 Rf8 28. Rf1 Nb8 29. Ne4 Nc6 30. Ke3 Re8 31. d5 Ne5 32. Kd4 Rf8 33. Rxf2
Rxf2 34. Nxf2 Kf7 35. Ne4 Ke7 36. Ng5 h6 37. Ne6 g6 38. b3 Nd7 39. Kc4 a6 40.
Nc7 Nb8 41. b4 Kd7 42. Ne6 Ke7 43. a4 Nd7 44. Nc7 Nb8 45. Nxa6 Nxa6 46. Kb5
Nc7+ 47. Kc6 Kd8 48. b5 Nxd5 49. Kxd5 Kd7 50. g4 Ke7 51. Kc6 Ke6 52. a5 1-0

[Event "42nd Guernsey Open 2016"]
[Site "Vale GCI"]
[Date "2016.10.22"]
[Round "7"]
[White "Hamperl, Fred"]
[Black "Staples, Maurice J"]
[Result "1/2-1/2"]
[WhiteElo "2055"]
[BlackElo "1994"]
[PlyCount "91"]
[EventDate "2016.10.16"]
[EventType "swiss"]
[EventRounds "7"]
[EventCountry "GCI"]

1. e4 e5 2. Nf3 Nc6 3. d4 exd4 4. Nxd4 Nf6 5. Nxc6 bxc6 6. Bd3 d5 7. exd5 cxd5
8. O-O Be7 9. c4 O-O 10. Bg5 Be6 11. Nd2 Rb8 12. b3 Qd7 13. Qc2 dxc4 14. Nxc4
h6 15. Bh4 Qd4 16. Bg3 Rbd8 17. Rad1 Qc5 18. Ne5 Qxc2 19. Bxc2 Rxd1 20. Rxd1
Nd5 21. Nc6 Bf6 22. a4 a6 23. Nd4 Bc8 24. Nf5 Be6 25. Nd4 Bc8 26. Nf3 Be6 27.
Be5 Nb4 28. Bxf6 gxf6 29. Be4 f5 30. Bb1 Bxb3 31. Rc1 Rd8 32. a5 Nc6 33. Bxf5
Nxa5 34. Kf1 Rd1+ 35. Rxd1 Bxd1 36. Bd3 Bb3 37. Bxa6 Kg7 38. Ke2 Bd5 39. g3 Nc4
40. Nd4 Nd6 41. Bd3 Kf6 42. Ke3 Nc4+ 43. Kf4 Ne5 44. Bc2 Bc4 45. h4 Bd3 46.
Bxd3 1/2-1/2

[Event "42nd Guernsey Open 2016"]
[Site "Vale GCI"]
[Date "2016.10.22"]
[Round "7"]
[White "French, Max"]
[Black "Rosen, Daniel B"]
[Result "0-1"]
[WhiteElo "1983"]
[BlackElo "2034"]
[PlyCount "76"]
[EventDate "2016.10.16"]
[EventType "swiss"]
[EventRounds "7"]
[EventCountry "GCI"]

1. d4 f5 2. c4 Nf6 3. g3 e6 4. Bg2 d5 5. b3 Bd6 6. Nf3 O-O 7. O-O c6 8. Ba3 Ne4
9. Bxd6 Qxd6 10. Qc2 Nd7 11. Nbd2 Ndf6 12. e3 Bd7 13. Ne5 Rac8 14. Ndf3 Rfd8
15. c5 Qe7 16. b4 Be8 17. a4 a6 18. Rfb1 Ra8 19. Ra2 g5 20. Bf1 g4 21. Nh4 Nd7
22. Nxd7 Qxd7 23. Rb3 Qc7 24. Rab2 Rdc8 25. b5 cxb5 26. axb5 b6 27. bxa6 bxc5
28. dxc5 Ba4 29. Rb7 Bxc2 30. Rxc7 Rxc7 31. Rxc2 Rxc5 32. Rb2 Rc1 33. Ng2 Rxa6
34. Nf4 Raa1 35. Rb8+ Kf7 36. Rb7+ Kf6 37. Nh5+ Ke5 38. f4+ gxf3 0-1

[Event "42nd Guernsey Open 2016"]
[Site "Vale GCI"]
[Date "2016.10.22"]
[Round "7"]
[White "Hoogland, Rob"]
[Black "Wager, John D"]
[Result "1-0"]
[WhiteElo "1813"]
[BlackElo "2027"]
[PlyCount "65"]
[EventDate "2016.10.16"]
[EventType "swiss"]
[EventRounds "7"]
[EventCountry "GCI"]

1. d4 d5 2. c4 c6 3. Nc3 Nf6 4. Bg5 e6 5. Bxf6 Qxf6 6. Nf3 Nd7 7. cxd5 exd5 8.
g3 Bd6 9. Bg2 O-O 10. O-O Qe7 11. Qc2 f5 12. e3 Nf6 13. Rab1 Bd7 14. a3 Be8 15.
Rfc1 Bh5 16. Na4 Bxf3 17. Bxf3 Ne4 18. b4 a6 19. Nc5 g5 20. Bg2 g4 21. Nd3 Rf6
22. a4 Qf7 23. b5 axb5 24. axb5 Rc8 25. bxc6 bxc6 26. Qa2 Qd7 27. Rb6 Bc7 28.
Rb7 Qd8 29. Nb4 Bd6 30. Rxc6 Nc3 31. Rxc3 Rxc3 32. Nxd5 Rc1+ 33. Bf1 1-0

[Event "42nd Guernsey Open 2016"]
[Site "Vale GCI"]
[Date "2016.10.22"]
[Round "7"]
[White "Collier, David O"]
[Black "Ippel, Cornelius J"]
[Result "1/2-1/2"]
[WhiteElo "2024"]
[BlackElo "1720"]
[PlyCount "80"]
[EventDate "2016.10.16"]
[EventType "swiss"]
[EventRounds "7"]
[EventCountry "GCI"]

1. d4 e6 2. c4 d5 3. Nc3 c5 4. e3 Nf6 5. Nf3 Nc6 6. a3 cxd4 7. exd4 dxc4 8.
Bxc4 Be7 9. O-O O-O 10. Re1 a6 11. Bf4 b5 12. Ba2 Bb7 13. d5 Nxd5 14. Nxd5 exd5
15. Bxd5 Na5 16. Bxb7 Nxb7 17. Qxd8 Bxd8 18. Kf1 Bf6 19. Be5 Bxe5 20. Rxe5 f6
21. Re7 Rf7 22. Rxf7 Kxf7 23. Rc1 Re8 24. Nd4 Nd6 25. Rc6 Nc4 26. g3 Nxb2 27.
Rxa6 Nd3 28. f3 Re1+ 29. Kg2 Rb1 30. Ra5 Rb2+ 31. Kg1 b4 32. axb4 Rb1+ 33. Kg2
Rxb4 34. Rd5 Rb2+ 35. Kg1 Ne5 36. f4 Ng4 37. Rd7+ Kg6 38. Nf3 Rb1+ 39. Kg2 Rb2+
40. Rd2 Rxd2+ 1/2-1/2

[Event "42nd Guernsey Open 2016"]
[Site "Vale GCI"]
[Date "2016.10.22"]
[Round "7"]
[White "Goris, Ton"]
[Black "Rowe, Peter"]
[Result "1/2-1/2"]
[WhiteElo "2005"]
[BlackElo "1964"]
[PlyCount "43"]
[EventDate "2016.10.16"]
[EventType "swiss"]
[EventRounds "7"]
[EventCountry "GCI"]

1. e4 d6 2. d4 Nf6 3. Nc3 e5 4. Nf3 Nbd7 5. Bc4 Be7 6. O-O O-O 7. Re1 c6 8. a4
a5 9. h3 exd4 10. Nxd4 Nc5 11. Bf4 Be6 12. Nxe6 fxe6 13. Bxd6 Bxd6 14. e5 Nd5
15. exd6 Qh4 16. Qe2 Nf4 17. Qg4 Qxg4 18. hxg4 Rad8 19. Ne4 Nxe4 20. Rxe4 Rxd6
21. Rae1 Rd2 22. Bb3 1/2-1/2

[Event "42nd Guernsey Open 2016"]
[Site "Vale GCI"]
[Date "2016.10.22"]
[Round "7"]
[White "Fassaert, Desire JM"]
[Black "Prins, Jan H"]
[Result "0-1"]
[WhiteElo "1919"]
[BlackElo "2078"]
[PlyCount "84"]
[EventDate "2016.10.16"]
[EventType "swiss"]
[EventRounds "7"]
[EventCountry "GCI"]

1. Nf3 d5 2. d4 c6 3. c4 Nf6 4. Nc3 g6 5. cxd5 Nxd5 6. Qb3 Nxc3 7. bxc3 Qb6 8.
Ng5 Qxb3 9. axb3 f6 10. Ne4 f5 11. Nc5 e5 12. e3 Bxc5 13. dxc5 Be6 14. c4 Nd7
15. b4 Kf7 16. Bb2 a5 17. bxa5 Rhd8 18. Be2 Nxc5 19. Bxe5 Nb3 20. Ra3 Nxa5 21.
Rc3 c5 22. Bc7 Rd7 23. Bxa5 Rxa5 24. O-O Ra2 25. Bf3 Rb2 26. h4 h6 27. g3 Rdd2
28. Rcc1 b6 29. Rc3 Kf6 30. Bc6 g5 31. hxg5+ hxg5 32. Rcc1 Bf7 33. Bf3 Rb4 34.
Rb1 Bxc4 35. Rxb4 cxb4 36. Rd1 Rxd1+ 37. Bxd1 Ba2 38. Bc2 Ke5 39. f4+ gxf4 40.
exf4+ Kd4 41. g4 b3 42. Bd1 b2 0-1

[Event "42nd Guernsey Open 2016"]
[Site "Vale GCI"]
[Date "2016.10.22"]
[Round "7"]
[White "Spanton, Timothy R"]
[Black "Havenaar, Jan"]
[Result "1-0"]
[WhiteElo "1969"]
[BlackElo "2071"]
[PlyCount "87"]
[EventDate "2016.10.16"]
[EventType "swiss"]
[EventRounds "7"]
[EventCountry "GCI"]

1. e4 g6 2. d4 Bg7 3. Nc3 d6 4. Nf3 a6 5. a4 Nc6 6. a5 e5 7. dxe5 Nxe5 8. Nxe5
Bxe5 9. Be2 Ne7 10. Bh6 f5 11. O-O Ng8 12. Be3 fxe4 13. Nxe4 Bf5 14. Ng3 Bd7
15. f4 Bg7 16. f5 Qe7 17. Bd4 O-O-O 18. Bxg7 Qxg7 19. f6 Nxf6 20. Qd4 Rdf8 21.
Qa7 c6 22. Ra3 Ne8 23. Rxf8 Rxf8 24. Rb3 Kd8 25. Rxb7 c5 26. c3 Qf7 27. Bf3 Qe6
28. Rb8+ Ke7 29. Rb7 Qe3+ 30. Kf1 Nf6 31. Ne2 Rf7 32. Ke1 Kf8 33. Qxa6 Re7 34.
Qxd6 Qg1+ 35. Kd2 Qe3+ 36. Kd1 Kf7 37. b3 g5 38. h3 h5 39. a6 g4 40. hxg4 hxg4
41. Bd5+ Kg7 42. Bc4 Qe4 43. Kc1 Qe3+ 44. Qd2 1-0

[Event "42nd Guernsey Open 2016"]
[Site "Vale GCI"]
[Date "2016.10.22"]
[Round "7"]
[White "Frijling, Jeroen"]
[Black "Campbell, Ian"]
[Result "1/2-1/2"]
[WhiteElo "1778"]
[BlackElo "1985"]
[PlyCount "36"]
[EventDate "2016.10.16"]
[EventType "swiss"]
[EventRounds "7"]
[EventCountry "GCI"]

1. d4 g6 2. c4 Bg7 3. Nc3 d6 4. e4 Nc6 5. d5 Nd4 6. Nge2 Nxe2 7. Bxe2 Nf6 8.
Be3 O-O 9. O-O c5 10. f3 a6 11. Qd2 Re8 12. a3 Qc7 13. b4 Nd7 14. Rac1 Ne5 15.
bxc5 dxc5 16. Na4 b6 17. Rb1 Rb8 18. Nc3 Rd8 1/2-1/2

[Event "42nd Guernsey Open 2016"]
[Site "Vale GCI"]
[Date "2016.10.22"]
[Round "7"]
[White "Hawkins, James NH"]
[Black "Brookfield, Toby"]
[Result "1/2-1/2"]
[WhiteElo "1944"]
[BlackElo "1906"]
[PlyCount "29"]
[EventDate "2016.10.16"]
[EventType "swiss"]
[EventRounds "7"]
[EventCountry "GCI"]

1. e4 c5 2. Nf3 d6 3. d4 cxd4 4. Nxd4 Nf6 5. Nc3 g6 6. Be3 Bg7 7. f3 Nc6 8. Bc4
O-O 9. Qd2 Bd7 10. h4 Rc8 11. Bb3 h5 12. O-O-O Ne5 13. Bh6 Nc4 14. Bxc4 Rxc4
15. Bxg7 1/2-1/2

[Event "42nd Guernsey Open 2016"]
[Site "Vale GCI"]
[Date "2016.10.22"]
[Round "7"]
[White "Bakker, Joop"]
[Black "Morcom, Huw"]
[Result "1-0"]
[WhiteElo "1868"]
[BlackElo "1961"]
[PlyCount "67"]
[EventDate "2016.10.16"]
[EventType "swiss"]
[EventRounds "7"]
[EventCountry "GCI"]

1. g3 e5 2. Nf3 d6 3. d3 Nf6 4. Bg2 Be7 5. O-O O-O 6. e4 Nbd7 7. Nc3 c6 8. a4
Re8 9. Ne1 Nf8 10. f4 Qb6+ 11. Kh1 Ng4 12. Qe2 exf4 13. a5 Qc5 14. Rxf4 Qh5 15.
Bf3 Qxh2+ 16. Qxh2 Nxh2 17. Kxh2 g5 18. Rf5 Bxf5 19. exf5 Bf6 20. Ne4 Be5 21.
Bxg5 d5 22. Nf6+ Bxf6 23. Bxf6 Nd7 24. Bc3 Ne5 25. Bh5 c5 26. Nf3 d4 27. Bd2
Nxf3+ 28. Bxf3 Rad8 29. b3 Re5 30. Be4 Rd7 31. Kg2 f6 32. Kf2 Kf7 33. Rh1 Ke8
34. a6 1-0

[Event "42nd Guernsey Open 2016"]
[Site "Vale GCI"]
[Date "2016.10.22"]
[Round "7"]
[White "Murray, J Stephen"]
[Black "Markering, Martin"]
[Result "0-1"]
[WhiteElo "1795"]
[BlackElo "1922"]
[PlyCount "72"]
[EventDate "2016.10.16"]
[EventType "swiss"]
[EventRounds "7"]
[EventCountry "GCI"]

1. e4 e6 2. d4 d5 3. Nd2 Nf6 4. e5 Nfd7 5. Bd3 c5 6. c3 Nc6 7. Ne2 Qb6 8. Nf3
cxd4 9. cxd4 f6 10. exf6 Nxf6 11. O-O Bd6 12. Bf4 Bxf4 13. Nxf4 O-O 14. g3 Kh8
15. Re1 Nxd4 16. Nxd4 Qxd4 17. Qe2 Bd7 18. Rad1 Qb6 19. Bb1 Rac8 20. Rd2 Qa5
21. Red1 Rfe8 22. Qe5 Rc1 23. Qe2 Rxd1+ 24. Rxd1 Qb5 25. Qd2 Bc6 26. Bd3 Qb6
27. Qe2 e5 28. Nh5 Nxh5 29. Qxh5 e4 30. Bf1 Rf8 31. Qe2 d4 32. Rd2 e3 33. fxe3
dxe3 34. Rd3 Bb5 35. Qxe3 Bxd3 36. Qxb6 Rxf1+ 0-1

[Event "42nd Guernsey Open 2016"]
[Site "Vale GCI"]
[Date "2016.10.22"]
[Round "7"]
[White "Magnussen, Pal"]
[Black "Canonne, Antoine"]
[Result "1-0"]
[WhiteElo "1926"]
[BlackElo "1928"]
[PlyCount "87"]
[EventDate "2016.10.16"]
[EventType "swiss"]
[EventRounds "7"]
[EventCountry "GCI"]

1. e4 c5 2. Nf3 e6 3. Qe2 Nc6 4. g3 Qc7 5. Bg2 d6 6. O-O Be7 7. c3 e5 8. d3 Nf6
9. Be3 O-O 10. Nbd2 Ng4 11. d4 Nxe3 12. fxe3 a5 13. Rfd1 Bd7 14. a4 Na7 15.
dxe5 dxe5 16. Nc4 Nc6 17. Rxd7 Qxd7 18. Nb6 Qc7 19. Nxa8 Rxa8 20. Rd1 Rd8 21.
Rd5 b6 22. Bh3 Rd6 23. Nd2 Kf8 24. Nc4 Rxd5 25. exd5 Nd8 26. Qd3 Nb7 27. Qxh7
Bf6 28. Qh8+ Ke7 29. Qc8 Qxc8 30. Bxc8 Nd6 31. Nxb6 Bg5 32. Kf2 f5 33. Kf3 g6
34. Be6 Ne4 35. Nc4 Bf6 36. Ke2 Ng5 37. Bc8 Kd8 38. Ba6 Kc7 39. Bb5 Ne4 40.
Nxa5 g5 41. Nc4 f4 42. exf4 exf4 43. gxf4 gxf4 44. Kf3 1-0

[Event "42nd Guernsey Open 2016"]
[Site "Vale GCI"]
[Date "2016.10.22"]
[Round "7"]
[White "Von Saldern, Ruediger"]
[Black "Hickman, John E"]
[Result "1-0"]
[WhiteElo "1914"]
[BlackElo "1926"]
[PlyCount "55"]
[EventDate "2016.10.16"]
[EventType "swiss"]
[EventRounds "7"]
[EventCountry "GCI"]

1. d4 d6 2. Nf3 g6 3. c4 Bg7 4. Nc3 Nd7 5. Bg5 Ngf6 6. e3 O-O 7. Be2 h6 8. Bh4
c5 9. O-O g5 10. Bg3 Nh5 11. Qc2 Nxg3 12. hxg3 cxd4 13. Nxd4 Ne5 14. Rad1 Qd7
15. e4 b6 16. Nf5 Bb7 17. f4 Nc6 18. Nxg7 Kxg7 19. e5 Nb4 20. Qd2 Qc6 21. Rf2
dxe5 22. fxg5 Rad8 23. gxh6+ Qxh6 24. Rxf7+ Kg6 25. Qxh6+ Kxh6 26. Rxf8 Rxf8
27. Rd7 Bc6 28. Rxe7 1-0

[Event "42nd Guernsey Open 2016"]
[Site "Vale GCI"]
[Date "2016.10.22"]
[Round "7"]
[White "Downey, Keith"]
[Black "Gravett, Alan D"]
[Result "1/2-1/2"]
[WhiteElo "1829"]
[BlackElo "1844"]
[PlyCount "49"]
[EventDate "2016.10.16"]
[EventType "swiss"]
[EventRounds "7"]
[EventCountry "GCI"]

1. Nf3 Nf6 2. c4 c5 3. g3 g6 4. Bg2 Bg7 5. Nc3 O-O 6. O-O Nc6 7. d4 d6 8. dxc5
dxc5 9. Bf4 Be6 10. Ne5 Nh5 11. Nxc6 bxc6 12. Be3 Qxd1 13. Rfxd1 Rab8 14. Bxc5
Rxb2 15. Rac1 Bxc3 16. Rxc3 Rxe2 17. a3 a6 18. Bf3 Re5 19. Bxe7 Rc8 20. Bd6 Ra5
21. Bb4 Re5 22. Bd6 Ra5 23. Kg2 Nf6 24. Bb4 Re5 25. Bd6 1/2-1/2

[Event "Guernsey International Holiday 2016"]
[Site "Guernsey, GCI"]
[Date "2016.10.16"]
[Round "1"]
[White "Van Hoek, Wim"]
[Black "Stuart, Brian"]
[Result "1-0"]
[WhiteElo "1888"]
[BlackElo "1705"]
[PlyCount "65"]
[EventDate "2016.10.16"]
[EventType "swiss"]
[EventRounds "6"]

1. e4 c5 2. Nf3 Nc6 3. c3 d5 4. exd5 Qxd5 5. d4 e6 6. Na3 a6 7. Nc4 Qd8 8. a4
Nf6 9. a5 Nd5 10. Nfe5 Be7 11. Nxc6 bxc6 12. dxc5 Bxc5 13. b4 Ba7 14. Qd3 O-O
15. Be3 Nxe3 16. Nxe3 Qf6 17. Ng4 Qg5 18. Be2 Rd8 19. h4 Qe7 20. Qc4 Bb7 21.
Bf3 Rac8 22. O-O Qxh4 23. Ne5 Qxc4 24. Nxc4 f6 25. Rad1 Kf7 26. Nd6+ Rxd6 27.
Rxd6 Ke7 28. Rfd1 Rc7 29. c4 e5 30. c5 f5 31. Be2 Bc8 32. Bc4 Bb8 33. Rd8 1-0

[Event "Guernsey International Holiday 2016"]
[Site "Guernsey, GCI"]
[Date "2016.10.16"]
[Round "1"]
[White "Sandercock, E Barry"]
[Black "Plug, Arjan"]
[Result "0-1"]
[WhiteElo "1701"]
[BlackElo "1852"]
[PlyCount "116"]
[EventDate "2016.10.16"]
[EventType "swiss"]
[EventRounds "6"]

1. e4 e6 2. d3 d5 3. Nd2 c5 4. g3 Nf6 5. Bg2 Nc6 6. Ngf3 Be7 7. O-O O-O 8. e5
Nd7 9. Re1 Qc7 10. Qe2 b5 11. a4 bxa4 12. Rxa4 Nb4 13. Nf1 Nb6 14. Ra1 Bb7 15.
h4 d4 16. h5 c4 17. Nxd4 Bxg2 18. Kxg2 Rfd8 19. Be3 cxd3 20. cxd3 Qxe5 21. f4
Qd5+ 22. Nf3 Qxh5 23. Bxb6 axb6 24. Rxa8 Rxa8 25. Qe4 Qd5 26. Qxd5 Nxd5 27. Ne3
Nxe3+ 28. Rxe3 Ra2 29. Re2 Ba3 30. Nd4 Rxb2 31. Rxb2 Bxb2 32. Nb5 Kf8 33. Kf3
Ke7 34. Ke4 f5+ 35. Ke3 Kd7 36. d4 Kc6 37. Na7+ Kd5 38. Nb5 h6 39. Kd3 g5 40.
fxg5 hxg5 41. Nc7+ Kd6 42. Nb5+ Kc6 43. Na7+ Kd7 44. Nb5 e5 45. d5 e4+ 46. Ke3
Bc1+ 47. Ke2 Bb2 48. Ke3 Be5 49. Kf2 e3+ 50. Kxe3 Bxg3 51. Kf3 Be5 52. Kg2 g4
53. Kf2 f4 54. Kg2 Bd6 55. Kf2 Bc5+ 56. Ke2 f3+ 57. Kf1 g3 58. Nc3 g2+ 0-1

[Event "Guernsey International Holiday 2016"]
[Site "Guernsey, GCI"]
[Date "2016.10.16"]
[Round "1"]
[White "Baart, Edwin"]
[Black "Brooker, Chris H"]
[Result "1-0"]
[WhiteElo "1847"]
[BlackElo "1700"]
[PlyCount "131"]
[EventDate "2016.10.16"]
[EventType "swiss"]
[EventRounds "6"]

1. d4 f5 2. Nf3 Nf6 3. c4 e6 4. Nc3 Bb4 5. Qc2 Ne4 6. Bd2 Nxd2 7. Nxd2 b6 8. a3
Be7 9. e4 f4 10. Be2 O-O 11. O-O Bb7 12. Rad1 Qe8 13. Nf3 d6 14. e5 d5 15. cxd5
exd5 16. Bd3 g6 17. Nb5 Na6 18. Nxc7 Nxc7 19. Qxc7 Rb8 20. Rc1 Qd8 21. Rfe1
Qxc7 22. Rxc7 Bd8 23. Rc2 Rc8 24. Rec1 Rxc2 25. Rxc2 Re8 26. Nd2 a6 27. Nb1 Re7
28. Be2 Rc7 29. Rxc7 Bxc7 30. Nc3 Kf7 31. g3 fxg3 32. fxg3 b5 33. Kf2 Bd8 34.
h4 Be7 35. Bf3 Ke6 36. Ke3 b4 37. axb4 Bxb4 38. Bg4+ Ke7 39. Kd3 a5 40. Bd1
Ba6+ 41. Kc2 Bb7 42. Bf3 Ke6 43. h5 Bc6 44. hxg6 hxg6 45. Be2 g5 46. Bd3 a4 47.
Bh7 Kf7 48. Bd3 Ba5 49. Bf1 Ke6 50. Bh3+ Ke7 51. Bf5 Bb6 52. Kd3 Ba5 53. Bg4
Bb6 54. Bd1 a3 55. bxa3 Ba5 56. a4 Ke6 57. Ne2 Be1 58. g4 Ba5 59. Ng1 Bb7 60.
Nf3 Ba6+ 61. Ke3 Bd8 62. Be2 Bb7 63. a5 Bxa5 64. Nxg5+ Ke7 65. Nh3 Bc6 66. Nf4
1-0

[Event "Guernsey International Holiday 2016"]
[Site "Guernsey, GCI"]
[Date "2016.10.16"]
[Round "1"]
[White "Colsen, Manuel"]
[Black "Haisma, Henk"]
[Result "0-1"]
[WhiteElo "1696"]
[BlackElo "1836"]
[PlyCount "74"]
[EventDate "2016.10.16"]
[EventType "swiss"]
[EventRounds "6"]

1. Nf3 d5 2. d4 Bf5 3. g3 h6 4. Bg2 c6 5. O-O Nf6 6. Nbd2 e6 7. c4 Nbd7 8. b3
Bd6 9. Bb2 Qc7 10. Rc1 O-O 11. cxd5 exd5 12. a3 a5 13. e3 Rfe8 14. Nh4 Bh7 15.
Bh3 g6 16. Re1 Nf8 17. Qf3 Ne4 18. Nxe4 Rxe4 19. Bg2 Qe7 20. Qe2 Re6 21. Bh3 f5
22. Ra1 Qf7 23. Nf3 Nd7 24. Nd2 g5 25. Qf1 g4 26. Bg2 Rae8 27. Bc3 Bc7 28. b4
axb4 29. axb4 h5 30. b5 h4 31. Ra7 hxg3 32. bxc6 gxf2+ 33. Qxf2 Rxc6 34. Bxd5
Qxd5 35. Ba1 Rh6 36. Nf1 g3 37. Nxg3 Bxg3 0-1

[Event "Guernsey International Holiday 2016"]
[Site "Guernsey, GCI"]
[Date "2016.10.16"]
[Round "1"]
[White "Derrick, Neil"]
[Black "O'Connell, Denis"]
[Result "1/2-1/2"]
[WhiteElo "1829"]
[BlackElo "1694"]
[PlyCount "64"]
[EventDate "2016.10.16"]
[EventType "swiss"]
[EventRounds "6"]

1. d4 d5 2. c4 e5 3. dxe5 d4 4. Nf3 Nc6 5. g3 Nge7 6. Bg2 Ng6 7. Bg5 Qd7 8. O-O
Ngxe5 9. Nxe5 Nxe5 10. Qb3 Bc5 11. Nd2 O-O 12. Ne4 Be7 13. Bxe7 Qxe7 14. Qb5 c6
15. Qa4 Be6 16. c5 d3 17. Qd4 dxe2 18. Rfe1 Bg4 19. Nd6 Nf3+ 20. Bxf3 Bxf3 21.
Qf4 Bd5 22. Qg4 Qf6 23. Qxe2 Qf3 24. Qxf3 Bxf3 25. Re3 Bd5 26. Nxb7 Rab8 27.
Re7 g6 28. b3 Ra8 29. Rae1 Be6 30. Nd6 a5 31. Rc7 Ra6 32. Re4 Rb8 1/2-1/2

[Event "Guernsey International Holiday 2016"]
[Site "Guernsey, GCI"]
[Date "2016.10.16"]
[Round "1"]
[White "Kershaw, Graham J"]
[Black "Glover, John"]
[Result "1-0"]
[WhiteElo "1687"]
[BlackElo "1826"]
[PlyCount "139"]
[EventDate "2016.10.16"]
[EventType "swiss"]
[EventRounds "6"]

1. e4 d5 2. exd5 Qxd5 3. c4 Qa5 4. Nc3 c6 5. Nf3 Nf6 6. Be2 Bf5 7. O-O e6 8. d4
Be7 9. Bf4 O-O 10. Qb3 Qb6 11. Qxb6 axb6 12. Bc7 Nbd7 13. Rad1 Rfc8 14. Bf4 h6
15. Ne5 Rd8 16. a3 Ne4 17. Nxe4 Bxe4 18. Bd3 Bxd3 19. Rxd3 Bd6 20. Rfd1 Kf8 21.
Ng6+ fxg6 22. Bxd6+ Kf7 23. Rf3+ Nf6 24. Bc7 Rd7 25. Bxb6 Ra6 26. Bc5 b6 27.
Bb4 c5 28. Bc3 Ra4 29. Rfd3 cxd4 30. Rxd4 Rxd4 31. Rxd4 e5 32. Rd1 Rxc4 33.
Bxe5 Rc2 34. f3 b5 35. Bc3 Re2 36. Rd8 Rc2 37. Rd2 Rxd2 38. Bxd2 Ke6 39. Kf2
Kd5 40. h4 h5 41. Ke3 Ke5 42. Kd3 Kd5 43. b3 Ke5 44. a4 Kd5 45. axb5 Kc5 46.
Bc3 Nd5 47. g3 Kxb5 48. Kd4 Ne7 49. g4 hxg4 50. fxg4 Kc6 51. Ke5 Kd7 52. b4 Ng8
53. b5 Nf6 54. g5 Ng4+ 55. Ke4 Nf2+ 56. Kd5 Ng4 57. Bd4 Nh2 58. Ke4 Nf1 59. Bf2
Nd2+ 60. Kd5 Nb3 61. b6 Na5 62. Bd4 Nc6 63. Be5 Ne7+ 64. Kc5 Kc8 65. Bd6 Nf5
66. Kc6 Nxd6 67. Kxd6 Kb7 68. Ke7 Kxb6 69. Kf7 Kc7 70. Kxg6 1-0

[Event "Guernsey International Holiday 2016"]
[Site "Guernsey, GCI"]
[Date "2016.10.16"]
[Round "1"]
[White "Dennis, Nigel W"]
[Black "Kirkwood, Robin"]
[Result "0-1"]
[WhiteElo "1813"]
[BlackElo "1646"]
[PlyCount "78"]
[EventDate "2016.10.16"]
[EventType "swiss"]
[EventRounds "6"]

1. e4 c6 2. d4 d5 3. exd5 cxd5 4. c4 Nf6 5. Nc3 e6 6. Nf3 Nc6 7. Bg5 Be7 8. c5
O-O 9. a3 a5 10. Bb5 Nd7 11. Bxe7 Nxe7 12. O-O b6 13. b4 Bb7 14. bxa5 bxc5 15.
Bxd7 Qxd7 16. dxc5 Rxa5 17. Qd4 Nc6 18. Qd3 Ba6 19. Qc2 Bxf1 20. Kxf1 Rxc5 21.
Qd3 Ra8 22. Ng5 f5 23. g4 h6 24. Nf3 fxg4 25. Nd4 Nxd4 26. Qxd4 Rc4 27. Qd3
Rac8 28. Ne2 Qf7 29. Qg3 Qf3 30. Qd6 Qh1+ 31. Ng1 Rc1+ 32. Rxc1 Rxc1+ 33. Ke2
Qe4+ 34. Kd2 Qe1+ 35. Kd3 Rd1+ 36. Kc2 Qd2+ 37. Kb3 Rb1+ 38. Ka4 Qd4+ 39. Ka5
Qa7+ 0-1

[Event "Guernsey International Holiday 2016"]
[Site "Guernsey, GCI"]
[Date "2016.10.16"]
[Round "1"]
[White "Foster, Paul"]
[Black "Nielsen, Jorgen Holmstrom"]
[Result "1/2-1/2"]
[WhiteElo "1645"]
[BlackElo "1797"]
[PlyCount "83"]
[EventDate "2016.10.16"]
[EventType "swiss"]
[EventRounds "6"]

1. e4 Nf6 2. Nc3 d5 3. e5 Ne4 4. Nxe4 dxe4 5. d4 exd3 6. Bxd3 Nc6 7. Nf3 Bg4 8.
Bf4 Nd4 9. Be4 Nxf3+ 10. Bxf3 Qxd1+ 11. Rxd1 Bxf3 12. gxf3 e6 13. Ke2 Be7 14.
Be3 a6 15. Rhg1 g6 16. Bh6 Rd8 17. Rg3 Rxd1 18. Kxd1 f5 19. Bg5 Bc5 20. Bf6 Rf8
21. Ke2 Rf7 22. c3 Bb6 23. f4 Rd7 24. Rh3 Kf8 25. Bh4 Kg8 26. Rd3 Rxd3 27. Kxd3
h6 28. Ke2 Kf7 29. h3 c5 30. c4 Bc7 31. b3 b5 32. Kf3 Ke8 33. Bf6 Bd8 34. Bxd8
Kxd8 35. h4 Kc7 36. Ke3 h5 37. Kd3 Kb6 38. Kc3 Ka5 39. a3 Kb6 40. a4 bxc4 41.
Kxc4 a5 42. Kd3 1/2-1/2